[Event "Itau Mercosul Cup 3rd"]
[Site "Sao Paulo"]
[Date "1999.??.??"]
[Round "4"]
[White "Limp, Eduardo Thelio"]
[Black "Disconzi da Silva, Rodrigo"]
[Result "1-0"]
[WhiteElo "2434"]
[BlackElo "2336"]
[Annotator "Hindemburg,Melao"]
[PlyCount "107"]
[EventDate "1999.10.??"]
[EventType "swiss"]
[EventRounds "9"]
[EventCountry "BRA"]
[SourceTitle "EXT 2000"]
[Source "ChessBase"]
[SourceDate "1999.11.16"]
[SourceVersion "1"]
[SourceVersionDate "1999.11.16"]
[SourceQuality "1"]

1. d4 d5 2. Nf3 Nf6 3. c3 g6 4. Nbd2 Bg7 5. Qc2 O-O 6. e4 c5 $5 7. e5 Ne8 8.
Be2 (8. dxc5 $5) 8... Nc6 9. a3 cxd4 10. cxd4 Bg4 (10... Bf5 11. Qb3 (11. Bd3
Bxd3 12. Qxd3 f6 $5 $32) 11... Qb6 $15) 11. h3 Bf5 12. Bd3 Bxd3 13. Qxd3 Rc8
$32 (13... f6 $5) 14. O-O Na5 15. Nb3 Nc4 16. Nc5 b6 17. Na6 Nc7 18. Nb4 Qd7
19. b3 Na5 20. Bb2 Rfd8 21. Rac1 Ne6 22. g3 Bh6 {<-> c} 23. Rxc8 Rxc8 24. Re1
Nc6 25. Na2 Ned8 26. Kg2 Na5 27. Nb4 Nac6 28. Qb5 $36 {<<} e6 29. a4 Nb8 30.
Qd3 Ndc6 31. Na2 Na5 32. Bc1 Bxc1 33. Rxc1 Rxc1 34. Nxc1 $14 {() >>, >< f6, h6,
g5} Qe7 35. Qe3 Nbc6 36. Qh6 Qf8 37. Qf4 Nb8 38. Nh2 h5 (38... Nd7 $5 {>< f6})
39. Nf3 Nd7 40. Ng5 Nc6 41. Ne2 Nd8 42. h4 Qe7 43. Qc1 $1 {As Brancas ameaçam
uma invasão pela coluna 'c' com o intuito de atrair os Cavalos pretos para ala
da Dama. Em seguida a Dama (que й uma peça ágil) retorna ao ataque na ala do
Rei, enquanto os Cavalos (que são peças lentas) demoram mais para voltar.} Nb8
44. Qc3 Ndc6 45. Qf3 $1 Kg7 46. g4 $1 hxg4 47. Qxg4 Nd8 $6 (47... Kh6 $1 {
>< Ng5, h5}) 48. h5 $40 f5 $2 (48... Nd7 49. Nf4 Nf8 $14) 49. exf6+ $18 (49.
Qh4 $1 gxh5 50. Nf4 Kg8 51. Qxh5 Nbc6 52. Nfxe6 $1 Nxe6 53. Qg6+ Qg7 (53... Ng7
54. Qh7+ Kf8 55. Qh8#) 54. Qxe6+ Kh8 55. Qxc6 Qxg5+ 56. Kf1 $18) 49... Qxf6 $8
(49... Kxf6 50. h6 $1 Qe8 51. Qh4 $1 $18 {>< Kf6, o^h}) 50. hxg6 (50. Nf4 Qf5
51. Qh4 $1 gxh5 (51... Nbc6 52. hxg6 $1 $18) 52. Nxh5+ Kg6 53. Nf4+ Kg7 54.
Ngxe6+ Nxe6 55. Qe7+ $18) 50... Qf5 51. Qh4 $1 Kxg6 $8 (51... Nbc6 52. Nf4 $3
Nxd4 $8 (52... Ne7 53. Ngxe6+ Nxe6 54. Qxe7+ $18) 53. Qh7+ Kf6 (53... Kf8 54.
g7+ $18) 54. Nh5+ $3 Kxg5 (54... Ke5 55. Qc7# $1) 55. f4+ $1 Kg4 56. g7 $1 Qxh7
57. Nf6+ $18) 52. Nf3 $2 (52. Nf4+ Kg7 53. Ngxe6+ Nxe6 54. Qe7+ $18) 52... Nf7
$4 (52... Nbc6 53. Nf4+ $16) 53. Qg3+ Ng5 (53... Kf6 54. Qxb8) 54. Nh4+ 1-0

[Event "Itau Mercosul Cup 3rd"]
[Site "Sao Paulo"]
[Date "1999.??.??"]
[Round "7"]
[White "Limp, Eduardo Thelio"]
[Black "Tsuboi, Edson Kenji"]
[Result "1/2-1/2"]
[WhiteElo "2434"]
[BlackElo "2322"]
[Annotator "Hindemburg,Melao"]
[PlyCount "91"]
[EventDate "1999.10.??"]
[EventType "swiss"]
[EventRounds "9"]
[EventCountry "BRA"]
[SourceTitle "EXT 2000"]
[Source "ChessBase"]
[SourceDate "1999.11.16"]
[SourceVersion "1"]
[SourceVersionDate "1999.11.16"]
[SourceQuality "1"]

1. d4 Nf6 2. Nf3 g6 3. c3 Bg7 4. Nbd2 d5 5. g3 O-O 6. Bg2 Nc6 7. O-O Re8 8. Qc2
e5 $36 9. dxe5 Nxe5 10. Nxe5 Rxe5 11. Nf3 (11. e4 $5 dxe4 12. Nxe4 Nxe4 13.
Bxe4 Qe7 14. Bg2 Re2 15. Qb3 c6 16. Bf3 (16. Be3 $2 Be6 $17) 16... Be6 17. Qd1
Re5 18. Bf4 Rb5 19. Qe2 $13) 11... Re8 12. Be3 c6 13. Bd4 Bf5 14. Qd2 Qd6 (
14... Ne4 15. Qf4 $11) 15. Rad1 Rad8 16. Rfe1 c5 $1 $15 17. Be3 Ne4 18. Qc1 Qb6
{/\ d4} 19. Nh4 $1 d4 (19... Bc8 $5 {^^}) 20. Nxf5 gxf5 21. Bxe4 $6 (21. cxd4
cxd4 22. Bf4 Rc8 23. Qb1 Rc4 $13) 21... Rxe4 (21... fxe4 22. Bg5 Rc8 $15) 22.
cxd4 cxd4 23. Bg5 Rde8 {>< Pe2, b2, e3, <-> e} 24. e3 dxe3 25. Bxe3 Qxb2 (25...
Qe6 $5 26. b3 f4 (26... Bd4 $5) 27. Bd2 fxg3 28. hxg3 $11) 26. Qxb2 Bxb2 27.
Rb1 Bd4 28. Rxb7 $11 f4 29. gxf4 Rxf4 30. Rb4 Rfe4 31. Kg2 Bxe3 32. Rxe4 Rxe4
33. Rxe3 Rxe3 34. fxe3 Kg7 35. Kf3 Kf6 36. Kf4 Ke6 37. a4 a5 38. h3 f6 39. h4
h5 40. e4 Ke7 41. Kf5 Kf7 42. e5 fxe5 43. Kxe5 Ke7 $1 44. Kf5 Kd6 45. Kg5 Ke5
$1 (45... Kc5 $2 46. Kxh5 $18) 46. Kxh5 (46. Kxh5 Kf5 47. Kh6 Kf6 48. h5 Kf7
49. Kg5 Kg7 50. h6+ Kh7 51. Kh5 Kg8 52. Kg6 Kh8 53. Kf6 Kh7 54. Ke5 Kxh6 55.
Kd5 Kg6 56. Kc5 Kf6 57. Kb5 Ke6 58. Kxa5 Kd7 (58... Kd6 $4 59. Kb6 $18) 59. Kb6
Kc8 $11) 1/2-1/2

[Event "Haninge"]
[Site "Haninge"]
[Date "1990.??.??"]
[Round "1"]
[White "Karlsson, Lars"]
[Black "Sax, Gyula"]
[Result "0-1"]
[WhiteElo "2520"]
[BlackElo "2605"]
[Annotator "Horn,Pe"]
[PlyCount "72"]
[EventDate "1990.05.??"]
[EventType "tourn"]
[EventRounds "11"]
[EventCountry "SWE"]
[EventCategory "14"]
[SourceTitle "CBM 018"]
[Source "ChessBase"]
[SourceDate "1990.10.01"]
[SourceVersion "1"]
[SourceVersionDate "1990.10.01"]
[SourceQuality "1"]

1. Nf3 Nf6 2. g3 d5 3. Bg2 c6 4. O-O Bg4 5. Ne5 Bh5 6. d4 {->D02 (?)} (6. b3 e6
7. Bb2 a5 8. d3 a4 9. a3 Bd6 10. Nd2 axb3 11. cxb3 O-O 12. Re1 Nfd7 $10 {
Eliskases-Petrosian, Buenos Aires 1964}) 6... e6 7. Nd3 {Ein typischer Versuch
Karlssons, schon frühzeitig eigene Wege zu gehen.} (7. c4) 7... Nbd7 8. c3 (8.
Nf4 $5 Bg4 9. c4 {Gutman-F.Röder, Garmisch-Partenkirchen op 1990}) 8... Bd6 9.
Bf4 Be7 10. Nd2 O-O 11. Bg5 (11. h3 $10) 11... h6 $1 12. Bxf6 Bxf6 13. Nf4 $6 (
13. f4 $10) 13... Bg4 14. f3 {Das angestrebte Zentrum mit e2-e4 erweist sich
schließlich als nicht stabil.} Bf5 15. e4 Bh7 16. Kh1 $6 (16. e5 $6 Bg5 $15) (
16. Nd3) (16. Nh5) 16... e5 $1 17. Ne2 Qb6 18. f4 (18. dxe5 Nxe5 19. f4 Nd3 20.
e5 Be7 $19) 18... exd4 19. e5 dxc3 20. bxc3 (20. exf6 cxd2 21. fxg7 Rfe8 22.
Qxd2 Be4 $17) 20... Be7 21. Nb3 Rad8 22. a4 Nc5 23. Nbd4 Ne4 24. a5 Qc7 25. a6
c5 26. Nb5 Qb6 27. Qa4 Nd2 28. Rfd1 Nc4 29. Rxd5 Ne3 30. Rxd8 Rxd8 31. Be4 c4
32. Bxb7 Nd5 33. Nbd4 Be4+ 34. Kg1 Nxc3 35. Qxc4 Nxe2+ 36. Kf2 Rxd4 0-1

[Event "Cacak"]
[Site "Cacak"]
[Date "1996.??.??"]
[Round "4"]
[White "Georgiev, Kiril"]
[Black "Paunovic, Dragan"]
[Result "1-0"]
[WhiteElo "2620"]
[BlackElo "2495"]
[Annotator "Jacoby,G"]
[PlyCount "103"]
[EventDate "1996.11.??"]
[EventType "tourn"]
[EventRounds "9"]
[EventCountry "YUG"]
[EventCategory "13"]
[SourceTitle "CBM 057"]
[Source "ChessBase"]
[SourceDate "1997.04.01"]
[SourceVersion "1"]
[SourceVersionDate "1997.04.01"]
[SourceQuality "1"]

1. d4 Nf6 2. c4 g6 3. Nf3 Bg7 4. g3 d5 5. Bg2 O-O 6. O-O Nc6 7. Nbd2 (7. Nc3
dxc4 8. d5 Nb4 9. e4 e6 10. Bg5 h6 11. Be3 Nd3 12. dxe6 Bxe6 13. h3 Qd7 14. Qd2
Bxh3 15. Bxh6 Rae8 16. Bxg7 Kxg7 17. Ng5 Bxg2 18. Kxg2 Nh5 19. Qe3 Ndf4+ {
0-1 Ivanchuk,V-Polgar,J/Ciudad de Linares XIV 1997}) 7... a5 (7... dxc4 8. Nxc4
Be6 9. b3 a5 10. Bb2 Bd5 11. Rc1 a4 12. bxa4 Ra6 13. Nfe5 Bxg2 14. Kxg2 Qa8 15.
Kg1 (15. Nxc6 bxc6 16. a5 c5+ 17. Kg1 Rd8 18. e3 cxd4 19. exd4 Ne4 {0-1
Nikolic,P-Piket,J/Hoogovens 1997 (40)}) 15... Rxa4 16. a3 Ne4 17. Qc2 Nd6 {
Nikolic,P-Yermolinsky,A/Hoogovens 1997/1/2-1/2 (74)}) 8. b3 (8. cxd5 Nxd5 9.
Nc4 Bg4 10. Ne3 Nxe3 11. Bxe3 Bxf3 12. Bxf3 Nxd4 13. Bxd4 Qxd4 14. Qxd4 Bxd4
15. e3 Be5 16. Rac1 c6 {Lezcano Jaen,P-Paunovic,D/La Coruna TH op 1995/0-1 (58)
}) 8... Ne4 (8... Bg4 9. Bb2 Bxf3 10. Bxf3 e6 11. Rc1 Re8 12. a3 Ne7 13. e3 c6
14. Qe2 Nf5 15. Rfd1 Nd6 16. Bg2 Nd7 17. e4 Nxe4 18. Nxe4 dxe4 19. Qxe4 Qb6 {
1/2-1/2 Rivas Pastor,M-Short,N/EU-chT Debrecen 1992 (27)}) 9. Bb2 Be6 10. e3 f5
11. Qe2 Bf7 12. Rfd1 (12. cxd5 Bxd5 13. Nxe4 Bxe4 14. a3 Qd5 15. Qc4 e6 16. Ne1
Bxg2 17. Nxg2 g5 18. Rac1 Rfd8 19. Rfd1 Ra6 20. Ba1 Rb6 {Georgiev,K-Topalov,V/
Elenite 1995/1/2-1/2 (65)}) 12... e6 (12... Kh8 13. cxd5 Bxd5 14. Nxe4 Bxe4 15.
d5 $1 {The idea behind the improvement of the new game move 12.Rfd1.} Bxd5 16.
Ng5 $18) (12... Qd7 13. cxd5 Bxd5 14. Nxe4 Bxe4 15. d5 $1 Bxb2 16. dxc6 Qxc6
17. Qxb2 Bxf3 18. Rac1 Bxg2 19. Rxc6 Bxc6 20. Qe5 $16) 13. a3 g5 14. Ne1 Ne7
15. Nd3 c6 {Now we have a Stonewall pawnstructure.} 16. Nxe4 {This idea has to
be played before Black has moved his g-pawn to g4.} fxe4 17. Ne5 Ng6 18. Nxf7
Rxf7 19. f3 {This was the idea of 16.Nxe4.} exf3 20. Bxf3 Qb6 21. Bg4 Re8 22.
b4 $1 axb4 23. c5 $1 Qc7 24. axb4 e5 25. Qd3 Rfe7 26. Ra3 exd4 27. exd4 Re1+
28. Rxe1 Rxe1+ 29. Kf2 Re8 30. Kg2 Qe7 $2 (30... b5 $142) 31. Ra7 $16 Qc7 32.
b5 cxb5 (32... Qf4 33. Qd1 (33. gxf4 $2 Nxf4+ 34. Kg3 Nxd3 $17) 33... Qb8 34.
b6 $16) 33. Qxb5 Re7 34. Qb3 {Black has to many weaknesses: b7,d5,g5.} Qc6 35.
Bf3 Rd7 36. Bg4 Re7 37. Ra8+ Nf8 38. Rd8 Kh8 39. Qf3 Re8 40. Bd7 Rxd8 41. Bxc6
bxc6 42. Qf7 Rb8 43. Bc1 h6 44. h4 Rb1 45. Be3 Rb3 46. Kf2 gxh4 47. gxh4 Rb2+
48. Kf1 Rb1+ 49. Ke2 Rb2+ 50. Kd1 Rb1+ 51. Kc2 Rh1 52. Qe8 1-0

[Event "Petrov Memorial op"]
[Site "St Petersburg"]
[Date "2000.02.16"]
[Round "9"]
[White "Burmakin, Vladimir"]
[Black "Feoktistov, Alexey A"]
[Result "1-0"]
[WhiteElo "2567"]
[BlackElo "2373"]
[Annotator "Kaspi,A"]
[PlyCount "109"]
[EventDate "2000.02.05"]
[EventType "swiss"]
[EventRounds "9"]
[EventCountry "RUS"]
[SourceTitle "CBM 076"]
[Source "ChessBase"]
[SourceDate "2000.05.31"]
[SourceVersion "1"]
[SourceVersionDate "2000.05.31"]
[SourceQuality "1"]

1. Nf3 {Tyomkin,D} d5 2. g3 g6 3. Bg2 Bg7 4. d4 Nh6 5. O-O O-O 6. Nbd2 Nf5 ({
The development of the knight to-c6 looks as worse for black:} 6... Nc6 7. e4
dxe4 8. Nxe4 Nf5 9. c3 Nd6 10. Nxd6 cxd6 11. d5 Nb8 12. Re1 Nd7 13. Bg5 Nf6 14.
Qd2 Re8 15. Re2 Bd7 16. b3 Rc8 17. Rae1 Rc7 18. a4 Bg4 19. h3 $6 (19. c4 Qd7
$13) 19... Bxf3 20. Bxf3 Qc8 21. Bxf6 $2 (21. Qf4 $1 Kf8 $8 22. c4 Ng8 23. Qh4
$13) 21... Bxf6 22. Bg4 Bxc3 23. Qxc3 Rxc3 24. Bxc8 Rexc8 25. Rxe7 Rxb3 $15 {
0-1 Mastrokoukos,G-Efimov,I/Corfu 1991/EXT 97 (51)}) 7. c3 Nd6 8. Re1 (8. Qb3
c6 9. e4 e6 10. Re1 Qb6 11. c4 Na6 12. e5 Qxb3 13. axb3 Nf5 14. Nf1 c5 15. cxd5
exd5 16. Ne3 Nb4 17. Rd1 Nxd4 18. Nxd4 cxd4 19. Rxd4 Nc6 20. Rxd5 Nxe5 {
1/2-1/2 Novak,I-Knezevic,M/Stary Smokovec 1979/MCD (20)}) 8... Nd7 9. e4 dxe4
10. Nxe4 Nxe4 11. Rxe4 Nf6 $11 {The opening stage is finished and black should
be satisfied of its position.} 12. Re1 Nd5 ({More logical was to complete
development of pieces by:} 12... Be6 13. Qe2 Re8 14. Bf4 c6 $11) 13. Ne5 c6 14.
Bd2 Bf5 15. Qc1 Re8 16. Bh6 Bh8 17. Qd1 Qc7 $11 {There are no weaknesses in
blacks position, and white begins to monouevre its pieces with idea to create
some target of play. But the most intersting events of the game will be later-
close to the first time control.} 18. Qf3 Bf6 19. Bf1 Rad8 20. a3 Qc8 21. Bg2
Be6 22. Qe2 Qc7 23. Nd3 Qc8 24. Nc5 Bg4 25. Qc4 Qc7 26. a4 a5 (26... a6 27. a5
Bc8 28. Nd3 Bf5 $11) 27. Qb3 Bc8 28. Nd3 Bf5 29. Ne5 Be6 30. Qa3 Nb6 31. Bf4
Qc8 32. Qc5 Nd5 33. Bh6 (33. Qxa5 $4 Bxe5 34. Bxe5 b6 35. Qa7 Rd7 {[%csl Ra7]})
33... Qc7 34. Nd3 Bf5 $2 {Finally the lower-ranked player has blundered
something. Burmakin simply has lulled his opponent in that boring position.} (
34... b6 $142 35. Qc4 (35. Qa3 Qd6 $11) 35... Rd6 36. Qa6 Qc8 $11) 35. Nf4 {
Black has forgot, that white may offer an exchange of pieces in some point of
the game.} Nb6 (35... Nxf4 36. Bxf4 Qd7 37. Qxa5 $16) 36. Qxa5 e5 37. dxe5 Rxe5
(37... Bxe5 38. Qc5 $16) 38. Rxe5 Bxe5 39. Re1 f6 40. h4 $16 {[%cal Yg6g5]
preventing g6-g5. Pawn a4 is tactically protected.} (40. b3 $5 $16) (40. Qc5
Bd6 41. Qe3 Nxa4 42. Ne6 Bxe6 43. Qxe6+ Qf7 $14) 40... Bd6 (40... Ra8 41. Qb4
Nxa4 42. Ra1 $18) 41. Bf1 Kf7 $4 $18 {[%mdl 8192] It allows white to insert
some beauty to this game.} (41... Bd7 $16 42. h5 $140 g5) {[%tqu "En","White
has a brilliant winning move.","","","a5b6","",10]} 42. Qxb6 $3 Qxb6 43. Bc4+
Be6 {[%tqu "En","","","","e1e6","",5]} 44. Rxe6 $1 Bxf4 45. Rxc6+ Ke7 46. Rxb6
Bxh6 47. Rxb7+ {White is 3 pawns up, as a result of the combination.} Rd7 48.
Rxd7+ Kxd7 49. Bg8 Bc1 50. Bxh7 Bxb2 51. Bxg6 Bxc3 52. Bf5+ Ke7 53. Kg2 Kf7 54.
Kf3 Kg7 55. g4 1-0

[Event "Petrov Memorial op"]
[Site "St Petersburg"]
[Date "2000.02.10"]
[Round "4"]
[White "Tolstikh, Nikolay"]
[Black "Balashov, Yuri S"]
[Result "0-1"]
[WhiteElo "2419"]
[BlackElo "2534"]
[Annotator "Kaspi,A"]
[PlyCount "110"]
[EventDate "2000.02.05"]
[EventType "swiss"]
[EventRounds "9"]
[EventCountry "RUS"]
[SourceTitle "CBM 076"]
[Source "ChessBase"]
[SourceDate "2000.05.31"]
[SourceVersion "1"]
[SourceVersionDate "2000.05.31"]
[SourceQuality "1"]

1. Nf3 {Tyomkin,D} d5 2. g3 g6 3. Bg2 Bg7 4. d4 Nf6 5. O-O O-O 6. c3 Nbd7 7.
Bf4 c6 8. Qc1 Re8 {Black prevents bishops exchange by Bh6.} (8... b6 9. Nbd2 $6
{Now it becomes not clear why white played Qc1 on previous move.} (9. Bh6 $142)
9... Ba6 10. Re1 Nh5 11. Bg5 h6 12. Be3 Rc8 13. Nf1 Kh7 14. g4 Nhf6 15. g5 hxg5
16. Bxg5 Rh8 17. Ng3 Kg8 18. e4 dxe4 19. Nxe4 Bc4 20. Ned2 Bd3 21. Ne5 Nxe5 22.
dxe5 Nh7 23. Nf3 Nxg5 24. Qxg5 Bc4 25. Rad1 Qc7 26. e6 $6 Bxe6 27. Rxe6 fxe6
28. Qg4 Bf6 29. Qxg6+ Kf8 $17 {0-1 Norwood,D-Nunn,J/GBR 1999/EXT 2000 (53)}) 9.
Rd1 {White tries to build up a strong position.The last move is a preparation
for opening the play over the centre.} (9. Re1 Nb6 10. Nbd2 Bg4 11. Ne5 Bf5 12.
Ndf3 Ne4 13. Nh4 Bf6 14. Nd3 Nd6 15. Nc5 {1/2-1/2 Norwood,D-Anand,V/Calcutta
1992/CBM 27 ext (15)}) 9... Qb6 10. Nbd2 c5 11. h3 a5 12. Qc2 a4 13. Rac1 Nf8 {
[%cal Gc8f5]} 14. dxc5 Qxc5 15. e4 Nxe4 16. Nxe4 dxe4 17. Qxe4 {White looks
like better developed, but black minimize it by exact play on following moves.}
e5 18. Be3 Qb5 19. Rd2 (19. Qb4 $5 Qxb4 20. cxb4 {[%cal Ye3a7,Yg2b7,Gd1d8,
Gc1c8] White pieces are controlling all main files and diagonals.} e4 21. Nd4
Ne6 22. Rc2 $14) 19... Bd7 20. Qh4 Bc6 21. Bf1 Qa5 22. Nh2 f5 23. Rcd1 Qc7 24.
Qb4 Ne6 25. Bb5 $6 {White plays too primitive for a draw, and doesn't get it,
as it usually happens.} (25. Bc4 b5 26. Bxb5 f4 (26... Rab8 $2 27. Bxc6 Rxb4
28. Bxe8 {[%cal Gd2d7]}) 27. Bxc6 Qxc6 $132) 25... f4 $1 26. Bxc6 (26. gxf4
exf4 27. Bxc6 bxc6 (27... fxe3 $2 28. Bxe8 exd2 29. Bxa4 $16) 28. Bb6 Qb8 $15)
26... Qxc6 27. gxf4 exf4 (27... Bf8 28. Qb6 Qxb6 29. Bxb6 Nxf4 30. Ng4 $11 {
[%cal Gg1h2,Yg4f6]}) 28. Bxf4 Bf8 29. Bd6 Ng5 30. Qg4 $5 (30. f3 $5 {with
chances to save.}) 30... Ne4 31. Bxf8 Nxd2 32. Bh6 Ne4 33. Qd7 Qxd7 34. Rxd7 {
[%csl Rg8] Suddenly, white has a nice compensation in this ending because of
the weakness of black king.} b5 35. Ng4 Re6 36. Be3 $2 $17 (36. Rg7+ $142 Kh8
37. Rb7 Kg8 {white may choose between the draw or play for a win by taking
on-b5.} 38. Rxb5 (38. Rg7+ $11) 38... a3 $1) (36. Bg7 $142 h5 37. Nh6+ Kh7 38.
Bf8+ Kh8 39. Bg7+ $11) 36... h5 (36... a3 37. b3 h5 38. Nh6+ Kf8 39. Rc7 Re7
40. Rc6 Kg7 $19 {[%csl Rh6]}) 37. Nh2 $2 (37. Nh6+ $5 Kf8 38. Rb7 $17) 37...
Rf8 (37... a3 $5 38. bxa3 Rxa3 $19) 38. Rb7 Rf5 39. Kg2 a3 40. bxa3 Nxc3 41.
Nf3 Nd5 $19 (41... Ra6 $5) 42. Nd4 Nxe3+ 43. fxe3 Rg5+ 44. Kf3 Rf6+ {The rest
is just a matter of technique.} 45. Ke4 Rg3 46. h4 (46. Rxb5 Ra6 {[%cal Gg3h3]
first blocking a-pawn.} (46... Rxh3 47. a4 {was worse.})) 46... Rf7 47. Rxb5
Re7+ 48. Kd5 Rgxe3 49. Rb3 Rd7+ 50. Kc5 Re5+ 51. Kc4 Re4 52. Rd3 Rxh4 53. a4
Rf4 54. a5 h4 55. a6 h3 (55... h3 56. a7 Rxa7 57. Rxh3 Ra4+ 58. Kb5 Rfxd4 $19)
0-1

[Event "Novak Nikolic Memorial 2nd"]
[Site "Belgrade"]
[Date "2000.02.11"]
[Round "9"]
[White "Martinovic, Slobodan"]
[Black "Shcherbakov, Ruslan"]
[Result "0-1"]
[WhiteElo "2448"]
[BlackElo "2552"]
[Annotator "Kaspi,A"]
[PlyCount "74"]
[EventDate "2000.02.02"]
[EventType "tourn"]
[EventRounds "11"]
[EventCountry "YUG"]
[EventCategory "11"]
[SourceTitle "CBM 076"]
[Source "ChessBase"]
[SourceDate "2000.05.31"]
[SourceVersion "1"]
[SourceVersionDate "2000.05.31"]
[SourceQuality "1"]

1. Nf3 {Tyomkin,D} d5 2. g3 c6 3. Bg2 Bg4 4. O-O Nd7 5. d4 e6 6. Nbd2 Ngf6 7.
Re1 Be7 8. e4 O-O 9. c3 Bh5 $5 (9... dxe4 {leads to exchanges of light pieces,
and the game would very close to the draw in that case. Sherbakov has other
plans for this game.}) 10. Qb3 Rb8 11. exd5 $146 {Not a big improvement of
Martinovic of his previous game in the same variaition.} (11. h3 Bg6 12. exd5
cxd5 13. Nh4 Bd3 14. Re3 Ba6 15. Qd1 Ne8 16. Nhf3 Nd6 17. Nf1 Ne4 18. Re1 Bd6
19. N3d2 f5 20. Nxe4 fxe4 $15 21. Be3 Qf6 22. Nd2 Rbc8 23. Bf1 Bxf1 24. Rxf1
Qg6 $17 {0-1 Martinovic,S-Sax,G/Eupen 1999/EXT 2000 (46)}) (11. e5 Ne8 {
[%cal Gc6c5,Gb7b5] and black gets perfect position out of the opening.}) 11...
cxd5 {In this structure black should play on the queenside and white- on the
kingside. Black has an open file-c and c4-outpost, the immdediate idea is to
lead b7-b5. On the other hand, white has to play on the kingside according the
structure, but Bh5 is disturbing their.} 12. a4 {[%csl Yb5]} Bg6 13. Nf1 Bd6
14. Nh4 $6 {White had to think about equalizing.} (14. Bg5 $142 h6 15. Bxf6
Nxf6 (15... Qxf6 16. Ne3 {[%cal Ge3g4]}) 16. Ne5 $11 {[%csl Re5][%cal Gf2f4]})
14... Be4 15. Bg5 (15. f3 Bd3 $17 {[%csl Rh4]}) 15... h6 16. Bxf6 Nxf6 17. Bxe4
(17. Nf3 Qc7 {[%cal Gf8c8] with a play on the queenside.}) 17... Nxe4 18. f3
Nf6 $15 {[%csl Rh4]} 19. Nd2 a6 {[%cal Gb7b5] Black comes back to its major
plan on the queenside with b7-b5, white knight h4 only can dream about
e5-outpost.} 20. a5 b5 21. axb6 Rxb6 22. Qc2 Qb8 23. Ra2 e5 $1 {The time to
break on.} 24. dxe5 (24. Nf5 exd4 25. cxd4 (25. Nxd4 Bxg3 $1 26. hxg3 Qxg3+ 27.
Kf1 Nh5 {[%cal Rb6g6,Rh5f4]} 28. Nf5 Qh3+ 29. Kf2 Qh2+ 30. Kf1 Rf6 $19 {
[%cal Rf6f5]}) 25... Re8 $15) 24... Bxe5 25. Re2 $6 (25. Kh1 Re8 26. Nf5 Qb7
$15) 25... Re8 26. Nf1 Rbe6 27. Kg2 Qb5 28. Rf2 (28. Nf5 g6 $1 29. Nxh6+ Kg7
30. Ng4 Nxg4 31. fxg4 Bb8 32. Rxe6 Rxe6 33. b4 Ba7 $1 {[%csl Rg1][%cal Rb5b6]}
34. Qd2 (34. Qb2 Qc4 $40 {[%csl Re4,Rg4]}) 34... Qc4 $17 {[%csl Re4,Rg4]} (
34... Qb6 $2 35. Kh3)) 28... Bc7 $17 {The strengh of blacks bishop will be
decisive factof in the following stage of the game. Black intends Bb6 and Qc5,
getting to the whites king.} 29. b3 Bb6 30. Rd2 Qc5 {[%csl Rg1]} 31. Qd3 (31.
Rd1 Re1 32. Qd3 Rxd1 33. Qxd1 Qxc3 34. Rxa6 Qb2+ 35. Kh3 Qf2 $19) {[%tqu "En",
"","","","a6a5","",0,"g7g5","wins one of white knights.",10]} 31... a5 $6 {
[%mdl 64]} (31... g5 $142 $1 {[%mdl 64]} 32. Nf5 Qg1+ 33. Kh3 Re2 $19) 32. Nf5
$2 $19 (32. Kh3 $142 Nh7 {[%cal Gh7g5]} 33. f4 {and white is holding on.})
32... Qg1+ 33. Kh3 {[%tqu "En","Black has a winning move. Find it.","","",
"e6e2","",10]} Re2 $1 {[%mdl 64]} 34. Nxh6+ gxh6 35. Rxe2 Qxf1+ 36. Kh4 Re5 $1
{[%cal Re5h5] The final blow.} 37. g4 Bf2+ (37... Bf2+ 38. Rxf2 Qxd3 $19) 0-1

[Event "Linares-03"]
[Site "Linares"]
[Date "1981.01.26"]
[Round "8"]
[White "Quinteros, Miguel Angel"]
[Black "Kavalek, Lubomir"]
[Result "1/2-1/2"]
[WhiteElo "2505"]
[BlackElo "2550"]
[Annotator "Kharitonov,A"]
[PlyCount "74"]
[EventDate "1981.01.17"]
[EventType "tourn"]
[EventRounds "11"]
[EventCountry "ESP"]
[EventCategory "13"]
[SourceTitle "MCL"]
[Source "ChessBase"]
[SourceDate "1999.07.01"]
[SourceVersion "1"]
[SourceVersionDate "1999.07.01"]
[SourceQuality "1"]

1. Nf3 Nf6 2. g3 d5 3. Bg2 c5 4. O-O Nc6 5. d4 Bg4 6. Ne5 cxd4 7. Nxg4 Nxg4 8.
c3 (8. e4 $5 Nf6 9. exd5 Nxd5 10. c3 e6 11. cxd4 Be7 12. Nc3 O-O 13. Nxd5 exd5
14. Be3 $14 {Yermolinsky,A-Azmaiparashvili,Z/URS/1981/1:0 (43) Inf 31/411/}) (
8. e3 Nf6 9. exd4 e6 10. Re1 Be7 11. Bf1 O-O 12. c3 Rb8 13. a4 Bd6 14. Nd2 a6
$10 {Epishin,V-Dokhoian,Y/Tallinn/1986/0:1 (37)/}) 8... Nf6 (8... dxc3 9. e4
$36) 9. cxd4 e6 10. Nc3 Be7 11. e3 (11. e4 $6 dxe4 12. Nxe4 Qxd4 13. Qxd4 Nxd4
14. Nxf6+ Bxf6 15. Bxb7 Rb8) 11... O-O 12. f4 $6 (12. Qe2 $142) 12... Bb4 $5
13. Ne2 Ne7 $6 (13... Ne4 14. Qd3 f5 15. a3 Bd6 $15) 14. Qb3 Qb6 15. a3 Ba5 (
15... Bd6 16. Qxb6 axb6 17. Nc3 $10) 16. Qd3 $5 (16. Qxb6 Bxb6 {/\Nf5-d6-/+/})
16... Qd8 17. b4 Bc7 (17... Bb6 18. Nc3 Nf5 19. Bf3 Nd6 20. g4 $13) 18. Nc3 Nf5
19. Bf3 Nd6 20. g4 $5 Nfe8 (20... Nc4 21. g5 Ne8 22. e4 Nb6 23. exd5 exd5 24.
f5 $36) 21. e4 (21. Bd2 g6) 21... dxe4 22. Nxe4 Nxe4 $5 (22... Rb8 23. Nc3) 23.
Bxe4 Qh4 $13 24. h3 (24. Bxb7 Qxg4+ 25. Qg3 Qxg3+ 26. hxg3 Rb8 27. Bc6 Nd6 $15)
24... Rd8 $5 25. Kg2 (25. Bxb7 Rxd4 26. Qf3 Bb6 27. Kg2 Nd6 $15) 25... f5 $5 (
25... Nd6 26. Bf3 b5 27. a4 bxa4 28. Rxa4 Bb6 29. b5 $13) 26. gxf5 exf5 27.
Bxf5 (27. Bxb7 Rd6 28. Kh2 Rg6 29. Ra2 Nf6 30. Rg2 Nh5 31. Rxg6 hxg6 32. Qc4+ (
32. Qf3 g5 $13) 32... Rf7 33. Bd5 Qg3+ $10) 27... Rd6 28. Rf3 (28. Be4 Rdf6 29.
f5 Nd6 30. Rf4 Qh5 $13) 28... Rdf6 29. Bg4 h5 (29... Bxf4 30. Bxf4 Rxf4 31.
Raf1 Rxf3 32. Rxf3 $10) 30. Bd7 Bxf4 31. Bxf4 Rxf4 32. Raf1 $1 (32. Rxf4 Rxf4
33. Bxe8 Rf2+ 34. Kg1 Qf4 $19) 32... Qg5+ 33. Kh2 (33. Rg3 Qd5+ $19) 33... Rxf3
(33... Nd6 $2 34. Be6+ Kh8 35. Qe3 $18) 34. Rxf3 Rxf3 35. Qxf3 Qd2+ (35... Nd6
$5 36. Be6+ Kh7 $15) 36. Kh1 Qc1+ 37. Kg2 Qc2+ 1/2-1/2